[Event "Morbihan-ch 0304"]
[Site "Morbihan"]
[Date "2004.03.06"]
[Round "5"]
[White "Guichard, Michel"]
[Black "Le Clanche, Joel"]
[Result "0-1"]
[WhiteElo "1499"]
[BlackElo "1840"]
[PlyCount "50"]
[EventDate "2003.10.??"]
[EventType "swiss"]
[EventRounds "7"]
[EventCountry "FRA"]
[SourceTitle "EXT 2005"]
[Source "ChessBase"]
[SourceDate "2004.11.15"]
[SourceVersion "1"]
[SourceVersionDate "2004.11.15"]
[SourceQuality "1"]

1. e4 c5 2. Nf3 d6 3. d4 cxd4 4. Nxd4 Nc6 5. Bb5 Bd7 6. Ne2 Nf6 7. Nbc3 g6 8. Bg5 Bg7 9. h3 a6 10. Ba4 b5 11. Bb3 0-0 12. a4 b4 13. Na2 Nxe4 14. h4 Nxg5 15. hxg5 Bxb2 16. Rb1 Bg7 17. c3 bxc3 18. Rh4 Qa5 19. Kf1 Qxg5 20. g3 Bg4 21. Bc4 Nd4 22. Nac1 c2 23. Qd3 cxb1Q 24. Qxb1 Nf3 25. Rxh7 Nd2+ 0-1